000 00372nam a2200157Ia 4500
008 210719s1996 xx 000 0 und d
041 _aeng
082 _a255.53 JESU
100 _aJESUITS;
245 _aJesuits 1995.
260 _aRome
_bGeneral Curia the Society of Jesus
_c1996
300 _a127
_bPB
365 _cRs
650 _aChristianity
906 _aJesuits
999 _c213209
_d213209